| 000 | 00799nam a2200265Ia 4500 | ||
|---|---|---|---|
| 003 | OSt | ||
| 005 | 20220925221733.0 | ||
| 006 | a|||||r|||| 00| 0 | ||
| 007 | ta | ||
| 008 | 220923b |||||||| |||| 00| 0 eng d | ||
| 020 | _a0 17 761042 5 | ||
| 037 | _cGeneral Book | ||
| 040 |
_aRTL _cRTL _beng |
||
| 041 |
_2eng _aeng |
||
| 082 | _aX:31, L4 | ||
| 100 | _aLee T A | ||
| 245 | 0 |
_aIncome and value measurement _b Theory and practice |
|
| 260 |
_aLondon _bNelson _c1974 |
||
| 300 |
_aviii,156p _ccm. |
||
| 490 | _aNelson Series in Accounting and Finance. ed. by John Perrin | ||
| 500 | _aBibliography: P 139-49 and at the end of each chapter; Appendix: P 150-51 | ||
| 650 | _aNational Income | ||
| 942 |
_hX:31, L4 _cGB _2CC |
||
| 999 |
_c575216 _d575216 |
||